Normal view
MARC view
Entry Topical Term
001 - CONTROL NUMBER
- control field: 14062
003 - CONTROL NUMBER IDENTIFIER
- control field: OSt
005 - DATE AND TIME OF LATEST TRANSACTION
- control field: 20210409174422.0
008 - FIXED-LENGTH DATA ELEMENTS
- fixed length control field: 210409|| aca||aabn | a|a d
040 ## - CATALOGING SOURCE
- Original cataloging agency: OSt
- Transcribing agency: OSt
150 ## - HEADING--TOPICAL TERM
- Topical term or geographic name entry element: Low temperatures
- General subdivision: Measurement.
670 ## - SOURCE DATA FOUND
- Source citation: Work cat.: (OSt)0: Betts, D. S. (David Sheridan), 1936- 14060, An introduction to millikelvin technology /, 1989.
